[Event "PRO League KO Stage 2018"]
[Site "chess.com INT"]
[Date "2018.03.13"]
[Round "1"]
[White "Vachier-Lagrave, Maxime"]
[Black "Gunina, Valentina"]
[Result "1/2-1/2"]
[WhiteTitle "GM"]
[BlackTitle "GM"]
[WhiteElo "2789"]
[BlackElo "2507"]
[WhiteTeam "Marseille Migraines"]
[BlackTeam "Cannes Blockbusters"]
[WhiteFideId "623539"]
[BlackFideId "4167570"]
[EventDate "2018.03.13"]

1. Nf3 Nf6 2. c4 c6 3. g3 d5 4. b3 Bg4 5. Bg2 e6 6. Bb2 Bd6 7. O-O Nbd7 8. d3
O-O 9. Nbd2 a5 10. a3 Re8 11. h3 Bh5 12. g4 Bg6 13. Nh4 Qc7 14. Nxg6 hxg6 15. e3
Bh2+ 16. Kh1 Be5 17. d4 Bd6 18. Rc1 Qd8 19. f4 Qe7 20. c5 Bc7 21. Bf3 Nh7 22. g5
e5 23. dxe5 Nxc5 24. Qc2 Ne6 25. Bg4 Rad8 26. Nf3 Bb6 27. Nd4 Nhf8 28. h4 Bxd4
29. exd4 f5 30. Be2 Rc8 31. Qd2 b6 32. Kg2 Red8 33. Rh1 c5 34. h5 cxd4 35. b4
Rxc1 36. Rxc1 axb4 37. axb4 gxh5 38. Bxh5 Ra8 39. Bxd4 Ra4 40. Be3 Qxb4 41. Qxb4
Rxb4 42. Rc8 d4 43. Bc1 Rb3 44. Kf2 Rc3 45. Rxc3 dxc3 46. Ke3 Nc5 47. Be2 Kh7
48. Bc4 b5 49. Bxb5 Nb3 50. Ba3 c2 51. Bc4 c1=Q+ 52. Bxc1 Nxc1 53. Kd2 Ng6 54.
e6 Ne7 55. Kxc1 Kg6 56. Kd2 Kh5 57. Ke3 Kg4 58. Be2+ Kg3 59. Bh5 Kh4 60. Bf3 Kg3
61. Ba8 Ng6 62. Be4 Ne7 63. Bxf5 Nxf5+ 64. Ke4 g6 65. Ke5 Kg4 66. Kf6 Kxf4 67.
Kxg6 Ke5 68. Kf7 Nd6+ 69. Ke7 Nf5+ 70. Kd7 Ng7 71. e7 Kf5 72. e8=Q Nxe8 73. Kxe8
Kxg5 1/2-1/2

[Event "PRO League KO Stage 2018"]
[Site "chess.com INT"]
[Date "2018.03.13"]
[Round "1"]
[White "Ehlvest, Jaan"]
[Black "Manukian, Artak"]
[Result "0-1"]
[WhiteTitle "GM"]
[WhiteElo "2536"]
[BlackElo "2196"]
[WhiteTeam "Estonia Horses"]
[BlackTeam "Armenia Eagles"]
[WhiteFideId "4500016"]
[BlackFideId "13301373"]
[EventDate "2018.03.13"]

1. c4 g6 2. g3 c5 3. Bg2 Nc6 4. Nc3 h5 5. h3 d6 6. a3 a5 7. Nf3 Bg7 8. Rb1 e5 9.
d3 Nge7 10. Nd2 f5 11. h4 O-O 12. Nf3 Nd4 13. Bg5 Bf6 14. Bxf6 Rxf6 15. Ng5 Kg7
16. O-O Ra7 17. e3 Ne6 18. Nxe6+ Bxe6 19. Nb5 Ra6 20. Bxb7 Rb6 21. Bg2 d5 22.
Qa4 f4 23. exf4 exf4 24. Qxa5 f3 25. Bh1 Nc6 26. Qc3 Rxb5 27. cxb5 Nd4 28. Qxc5
Ne2+ 29. Kh2 Rf4 30. Qa7+ Kh8 0-1

[Event "PRO League KO Stage 2018"]
[Site "chess.com INT"]
[Date "2018.03.13"]
[Round "1"]
[White "Manukian, Artak"]
[Black "Boruchovsky, Avital"]
[Result "0-1"]
[BlackTitle "GM"]
[WhiteElo "2196"]
[BlackElo "2542"]
[WhiteTeam "Armenia Eagles"]
[BlackTeam "Estonia Horses"]
[WhiteFideId "13301373"]
[BlackFideId "2800055"]
[EventDate "2018.03.13"]

1. e4 c5 2. Nf3 Nc6 3. c3 Nf6 4. e5 Nd5 5. d4 cxd4 6. cxd4 d6 7. Nc3 dxe5 8.
dxe5 Nxc3 9. Qxd8+ Nxd8 10. bxc3 Nc6 11. Bf4 e6 12. Nd4 Nxd4 13. cxd4 Bd7 14.
Rb1 Bc6 15. Bb5 O-O-O 16. Bxc6 bxc6 17. Be3 Be7 18. Ke2 Rd5 19. Rb2 Rb5 20. Rhb1
Rxb2+ 21. Rxb2 Rd8 22. a4 Rd5 23. Rc2 Kd7 24. f4 Bd8 25. Kd3 Bb6 26. Ke4 f5+ 27.
exf6 gxf6 28. Rc4 Kd6 29. Bd2 f5+ 30. Ke3 c5 31. dxc5+ Bxc5+ 32. Ke2 Rd4 33.
Rxd4+ Bxd4 34. Kd3 Kd5 35. h3 h5 36. Be1 a6 37. Bd2 Bb6 38. Bb4 Bc7 39. Bd2 Kc5
40. g3 Kd5 41. Be3 Bd6 42. Bf2 Bb4 43. h4 Ba5 44. Bg1 Be1 45. Bh2 Bf2 46. Ke2
Bb6 47. Kd3 Bd4 48. a5 Kc5 49. g4 fxg4 50. Ke4 Bf2 51. Ke5 g3 52. Bxg3 Bxg3 0-1

[Event "PRO League KO Stage 2018"]
[Site "chess.com INT"]
[Date "2018.03.13"]
[Round "1"]
[White "Manukian, Artak"]
[Black "Kukk, Sander"]
[Result "0-1"]
[WhiteElo "2196"]
[BlackElo "2188"]
[WhiteTeam "Armenia Eagles"]
[BlackTeam "Estonia Horses"]
[WhiteFideId "13301373"]
[BlackFideId "4502094"]
[EventDate "2018.03.13"]

1. e4 g6 2. d4 c6 3. Nc3 Bg7 4. Nf3 d5 5. h3 Nf6 6. e5 Ne4 7. Bd3 c5 8. Nxe4
dxe4 9. Bxe4 cxd4 10. O-O Nc6 11. Bxc6+ bxc6 12. Qxd4 Qxd4 13. Nxd4 Bxe5 14.
Nxc6 Bf6 15. Re1 Bd7 16. Ne5 Bf5 17. c3 Rb8 18. b3 O-O 19. c4 a5 20. g4 Be6 21.
Bf4 a4 22. Rab1 Rb6 23. Nd3 Rc8 24. Be5 Bxe5 25. Nxe5 Rcb8 26. c5 Ra6 27. bxa4
Rc8 28. Rec1 Rxa4 29. c6 f6 30. Nd3 Rxa2 31. Rb7 Kf7 32. Nf4 Re8 33. Nxe6 Kxe6
34. c7 Raa8 35. Rd1 Rac8 36. Rb6+ Kf7 37. Rd7 h5 38. Kg2 hxg4 39. hxg4 Rh8 40.
Rc6 Ke8 41. Rd2 Rh4 42. f3 Rh8 43. Rc5 Kf7 44. Rc6 Ra8 45. Kg3 Rhc8 46. Rdc2 Ra7
47. g5 f5 48. Kf4 Ra5 49. R6c5 Ra4+ 50. R2c4 Ra1 51. Ke5 Ra6 52. Rc6 Ra5+ 53.
Kd4 e6 54. Kc3 Ke7 55. Kb4 Rd5 56. R4c5 Rd3 57. Rc3 Rxc3 58. Rxc3 Kd6 59. f4
Rxc7 60. Rh3 Kd5 61. Re3 Rc4+ 62. Kb5 Rxf4 0-1

[Event "PRO League KO Stage 2018"]
[Site "chess.com INT"]
[Date "2018.03.13"]
[Round "1"]
[White "Maurizzi, Marc Andria"]
[Black "Barseghyan, Harutyun"]
[Result "0-1"]
[WhiteTitle "CM"]
[WhiteElo "2119"]
[BlackElo "2464"]
[WhiteTeam "Marseille Migraines"]
[BlackTeam "Cannes Blockbusters"]
[WhiteFideId "36083534"]
[BlackFideId "13304585"]
[EventDate "2018.03.13"]

1. e4 c5 2. Nc3 e6 3. Nge2 a6 4. g3 b5 5. Bg2 Bb7 6. O-O Nf6 7. d4 cxd4 8. Nxd4
b4 9. Na4 Bxe4 10. Bxe4 Nxe4 11. Re1 d5 12. c4 bxc3 13. Nxc3 Be7 14. Nxe4 dxe4
15. Rxe4 O-O 16. Bf4 Bf6 17. Qa4 Qd5 18. Rae1 Nd7 19. Nb3 Bxb2 20. R4e2 Bc3 21.
Rc1 Nb6 22. Qa3 Bf6 23. Rd2 Qf3 24. Be3 Nd5 25. Nd4 Qh5 26. Nc6 h6 27. Bd4 Qg5
28. Rcc2 Kh8 29. Bxf6 Qxf6 30. Nb4 Nxb4 31. Qxb4 Rfb8 32. Qe4 Ra7 33. Kg2 g6 34.
Rd3 Rb5 35. Rf3 Qe5 36. Qc6 Kg7 37. Rc4 Qd5 38. Qc8 e5 39. Rc3 e4 40. Rfe3 Ra5
41. a3 Re7 42. Rc7 Rxc7 43. Qxc7 Rc5 44. Qb6 Rc6 45. Qb2+ Kh7 46. h4 Re6 47. Kh2
h5 48. Rb3 Qf5 49. Rb8 Rf6 50. Kg2 Qf3+ 51. Kg1 e3 52. fxe3 Qxg3+ 53. Qg2 Qxe3+
54. Kh1 Qe1+ 55. Kh2 Qxh4+ 56. Kg1 Qd4+ 57. Kh2 Rf2 0-1

[Event "PRO League KO Stage 2018"]
[Site "chess.com INT"]
[Date "2018.03.13"]
[Round "1"]
[White "Maurizzi, Marc Andria"]
[Black "Fontaine, Robert"]
[Result "0-1"]
[WhiteTitle "CM"]
[BlackTitle "GM"]
[WhiteElo "2119"]
[BlackElo "2563"]
[WhiteTeam "Marseille Migraines"]
[BlackTeam "Cannes Blockbusters"]
[WhiteFideId "36083534"]
[BlackFideId "605590"]
[EventDate "2018.03.13"]

1. e4 g6 2. d4 Bg7 3. Nc3 c6 4. Bc4 d6 5. Nf3 Nf6 6. O-O O-O 7. e5 Ne8 8. Bf4 d5
9. Bb3 Na6 10. h3 Nac7 11. Qd2 a5 12. a4 b6 13. Bh6 Ne6 14. Bxg7 N8xg7 15. Ne2
Ba6 16. Rfe1 Bxe2 17. Rxe2 Ra7 18. c3 f5 19. exf6 exf6 20. Rae1 Qd6 21. g3 Re7
22. Kg2 Rfe8 23. Nh2 Ng5 24. Bc2 Rxe2 25. Rxe2 Rxe2 26. Qxe2 Qe6 27. Qxe6+ N5xe6
28. Kf3 Kf7 29. h4 Ne8 30. Ke2 Nd6 31. Nf3 h6 32. Nd2 g5 33. hxg5 hxg5 34. Nf3
Ke7 35. Nd2 Nc7 36. Nf1 c5 37. Ne3 Ke6 38. Bh7 Kf7 39. Bc2 Nb7 40. Nf5 Nd8 41.
Nd6+ Ke6 42. Nc8 Na8 43. Na7 Kd6 44. Nb5+ Kc6 45. Na7+ Kd7 46. Nb5 Nc7 47. Bf5+
Kc6 48. Na7+ Kb7 49. Nc8 Ne8 50. Bg6 Kxc8 51. Bxe8 Kc7 52. Kd3 Kd6 53. Bg6 Nc6
54. Be8 Ne7 55. g4 Nc8 0-1

[Event "PRO League KO Stage 2018"]
[Site "chess.com INT"]
[Date "2018.03.13"]
[Round "1"]
[White "Grigoryan, Karen H."]
[Black "Ladva, Ottomar"]
[Result "1/2-1/2"]
[WhiteTitle "GM"]
[BlackTitle "GM"]
[WhiteElo "2571"]
[BlackElo "2517"]
[WhiteTeam "Armenia Eagles"]
[BlackTeam "Estonia Horses"]
[WhiteFideId "13301004"]
[BlackFideId "4500024"]
[EventDate "2018.03.13"]

1. Nf3 d5 2. g3 g6 3. Bg2 Bg7 4. d4 Nd7 5. O-O Ngf6 6. c4 dxc4 7. Nbd2 Nb6 8.
Nxc4 Nxc4 9. Qa4+ c6 10. Qxc4 O-O 11. Re1 Bf5 12. Qb4 Rb8 13. Qa3 Ra8 14. Bf4
Be4 15. Be5 Re8 16. Bh3 Bxf3 17. Qxf3 Nd7 18. Bxg7 Kxg7 19. d5 Ne5 20. Qc3 f6
21. f4 Nf7 22. dxc6 Qb6+ 23. e3 bxc6 24. Rac1 Red8 25. Rc2 Rd6 26. Qc5 Rad8 27.
Bg2 Qxc5 28. Rxc5 Rd2 29. Ra5 R8d7 30. b3 Rc2 31. Be4 Rc3 32. Re2 Nd6 33. Bf3
Nf5 34. Kf2 h5 35. Bxh5 Rdd3 36. Bf3 Nxe3 37. Rxa7 Kf7 38. Be4 Nd1+ 39. Kg2 Rd4
40. Bxg6+ Kxg6 41. Rexe7 Ne3+ 42. Kh3 Nf5 43. Re8 Rxf4 44. Rg8+ Kh6 45. Rh8+ Kg6
46. Rg8+ Kh6 47. Rh8+ Kg6 48. Rg8+ Kh6 49. Rh8+ 1/2-1/2

[Event "PRO League KO Stage 2018"]
[Site "chess.com INT"]
[Date "2018.03.13"]
[Round "1"]
[White "Brown, Michael William"]
[Black "Kuybokarov, Temur"]
[Result "1/2-1/2"]
[WhiteTitle "IM"]
[BlackTitle "IM"]
[WhiteElo "2497"]
[BlackElo "2472"]
[WhiteTeam "San Diego Surfers"]
[BlackTeam "Australia Kangaroos"]
[WhiteFideId "2037602"]
[BlackFideId "14203049"]
[EventDate "2018.03.13"]

1. d4 Nf6 2. c4 e6 3. Nc3 Bb4 4. Qc2 O-O 5. Nf3 d5 6. cxd5 exd5 7. Bf4 c5 8.
dxc5 Qa5 9. Bd2 Nc6 10. e3 Bg4 11. Be2 Rad8 12. O-O d4 13. a3 Bxc3 14. bxc3 d3
15. Bxd3 Bxf3 16. gxf3 Qxc5 17. Be2 Qh5 18. Rae1 Ne5 19. Kg2 Ng6 20. f4 Nh4+ 21.
Kg3 Nf5+ 22. Kg2 Qg6+ 23. Kh3 Qh6+ 24. Kg2 Qg6+ 25. Kh3 Qh6+ 26. Kg2 Qg6+ 27.
Kh3 Qh6+ 28. Kg2 Qg6+ 29. Kh3 Qh6+ 30. Kg2 Qg6+ 1/2-1/2

[Event "PRO League KO Stage 2018"]
[Site "chess.com INT"]
[Date "2018.03.13"]
[Round "1"]
[White "Sarana, Alexey"]
[Black "Dreev, Aleksey"]
[Result "1/2-1/2"]
[WhiteTitle "GM"]
[BlackTitle "GM"]
[WhiteElo "2577"]
[BlackElo "2653"]
[WhiteTeam "Australia Kangaroos"]
[BlackTeam "San Diego Surfers"]
[WhiteFideId "24133795"]
[BlackFideId "4100107"]
[EventDate "2018.03.13"]

1. e4 c6 2. d4 d5 3. e5 Bf5 4. Nf3 e6 5. Be2 Ne7 6. O-O Bg6 7. Nbd2 Nf5 8. Nb3
Nd7 9. Bd2 h5 10. a4 h4 11. h3 Rc8 12. a5 c5 13. dxc5 Bxc5 14. Nxc5 Nxc5 15.
Bb5+ Kf8 16. Bb4 Kg8 17. Bxc5 Rxc5 18. Bd3 Rxa5 19. Qd2 Rxa1 20. Rxa1 Qb6 21.
Qa5 Qxa5 22. Rxa5 a6 23. Rc5 Kh7 24. Rc7 Rb8 25. Bxf5 Bxf5 26. Nxh4 Be4 27. f3
Bxc2 28. Rxc2 g5 29. Rc7 Kg8 30. Nf5 exf5 31. Rd7 a5 32. Rxd5 b5 33. b3 Kf8 34.
Kf2 Ke7 35. Ke3 a4 36. bxa4 bxa4 37. Ra5 Rb3+ 38. Kd4 a3 39. Ra7+ Ke6 40. Ra6+
Kd7 41. Kc4 Re3 42. Kb4 Re2 43. Kxa3 Rxg2 44. Rf6 f4 45. h4 gxh4 46. Rxf7+ Ke6
47. Rxf4 h3 48. Rh4 Rg3 49. Kb3 Kxe5 50. Kc3 Kf5 51. Kd3 Kg5 52. Rh8 Kf4 53.
Rf8+ Kg5 54. Rg8+ Kf4 55. Rf8+ Kg5 56. Rg8+ Kf4 57. Rf8+ Kg5 58. Rg8+ 1/2-1/2

[Event "PRO League KO Stage 2018"]
[Site "chess.com INT"]
[Date "2018.03.13"]
[Round "1"]
[White "Anand, Viswanathan"]
[Black "Harikrishna, Pentala"]
[Result "1/2-1/2"]
[WhiteTitle "GM"]
[BlackTitle "GM"]
[WhiteElo "2776"]
[BlackElo "2731"]
[WhiteTeam "Mumbai Movers"]
[BlackTeam "Delhi Dynamite"]
[WhiteFideId "5000017"]
[BlackFideId "5007003"]
[EventDate "2018.03.13"]

1. e4 e5 2. Nf3 Nc6 3. Bb5 Nf6 4. d3 Bc5 5. c3 O-O 6. O-O d5 7. Nbd2 dxe4 8.
dxe4 Qe7 9. Qc2 Nb8 10. b4 Bd6 11. a3 Bg4 12. h3 Bh5 13. Bb2 c6 14. Bd3 Rd8 15.
Nh4 Bc7 16. Ndf3 a5 17. Rad1 axb4 18. cxb4 Nbd7 19. Bc4 Nf8 20. g4 Bg6 21. Nf5
Qe8 22. Rfe1 Rd7 23. Rxd7 N6xd7 24. h4 h5 25. gxh5 Bxh5 26. Ng5 Nh7 27. Ng3 Nxg5
28. hxg5 Bg6 29. Nf5 Nf8 30. Kg2 Ne6 31. Bc1 Nf4+ 32. Bxf4 exf4 33. Qc3 Qe5 34.
Qxe5 Bxe5 35. Rd1 Rxa3 36. Ne7+ Kf8 37. Nxg6+ fxg6 38. Rd7 Ke8 39. Rxb7 Kd8 40.
b5 cxb5 41. Rxb5 Bc7 1/2-1/2

[Event "PRO League KO Stage 2018"]
[Site "chess.com INT"]
[Date "2018.03.13"]
[Round "1"]
[White "Gozzoli, Yannick"]
[Black "Gunina, Valentina"]
[Result "1/2-1/2"]
[WhiteTitle "GM"]
[BlackTitle "GM"]
[WhiteElo "2576"]
[BlackElo "2507"]
[WhiteTeam "Marseille Migraines"]
[BlackTeam "Cannes Blockbusters"]
[WhiteFideId "616915"]
[BlackFideId "4167570"]
[EventDate "2018.03.13"]

1. d4 Nf6 2. Nf3 d5 3. c4 c6 4. Nc3 e6 5. Bg5 Nbd7 6. e3 Qa5 7. cxd5 Nxd5 8. Rc1
h6 9. Bh4 Nxc3 10. bxc3 Ba3 11. Rc2 O-O 12. Bc4 b6 13. O-O Ba6 14. Bxa6 Qxa6 15.
c4 Rfe8 16. Bg3 Red8 17. Bh4 Re8 18. Bg3 Red8 19. Bh4 Re8 20. Bg3 Red8 1/2-1/2

[Event "PRO League KO Stage 2018"]
[Site "chess.com INT"]
[Date "2018.03.13"]
[Round "1"]
[White "Parnali, S Dharia"]
[Black "Harikrishna, Pentala"]
[Result "0-1"]
[WhiteTitle "WIM"]
[BlackTitle "GM"]
[WhiteElo "2148"]
[BlackElo "2731"]
[WhiteTeam "Mumbai Movers"]
[BlackTeam "Delhi Dynamite"]
[WhiteFideId "5043131"]
[BlackFideId "5007003"]
[EventDate "2018.03.13"]

1. d4 d5 2. c4 dxc4 3. Nf3 Nf6 4. g3 g6 5. Bg2 Bg7 6. O-O O-O 7. Na3 c3 8. bxc3
c5 9. Nc4 Nc6 10. Nfe5 Nd5 11. Bb2 Be6 12. e4 Nb6 13. Nxc6 bxc6 14. Ne3 Rb8 15.
e5 Nc4 16. Bc1 cxd4 17. cxd4 Qd7 18. Re1 Rfd8 19. Nxc4 Bxc4 20. Ba3 Qxd4 21.
Qxd4 Rxd4 22. Bxe7 Bf8 23. Bxf8 Kxf8 24. Bxc6 Rb2 25. Re3 Rdd2 26. Rf3 Rxa2 27.
Re1 Ke7 28. Rb1 Rdb2 29. Rc1 Be6 30. Be4 Re2 31. Bd3 Rxe5 32. h4 Ra3 33. Be4
Rxf3 34. Bxf3 a5 35. Rc7+ Kd6 36. Rc6+ Kd7 37. Ra6 Rc5 38. Kg2 Bb3 39. Bg4+ Kc7
40. Bf3 a4 41. Ra7+ Kb6 42. Rb7+ Ka5 43. Ra7+ Kb4 44. Rb7+ Kc3 45. Ra7 Kb2 46.
g4 a3 47. h5 gxh5 48. gxh5 a2 49. h6 a1=Q 50. Rxa1 Kxa1 0-1

[Event "PRO League KO Stage 2018"]
[Site "chess.com INT"]
[Date "2018.03.13"]
[Round "1"]
[White "Parnali, S Dharia"]
[Black "Tania, Sachdev"]
[Result "1/2-1/2"]
[WhiteTitle "WIM"]
[BlackTitle "IM"]
[WhiteElo "2148"]
[BlackElo "2407"]
[WhiteTeam "Mumbai Movers"]
[BlackTeam "Delhi Dynamite"]
[WhiteFideId "5043131"]
[BlackFideId "5007844"]
[EventDate "2018.03.13"]

1. d4 Nf6 2. c4 b6 3. Nc3 Bb7 4. d5 e6 5. e4 Bb4 6. Bd3 exd5 7. cxd5 O-O 8. Ne2
d6 9. O-O Nbd7 10. Bg5 h6 11. Bh4 Ne5 12. Rc1 Ng6 13. Bg3 Bxc3 14. Nxc3 a6 15.
Ne2 Nh5 16. Nd4 Nxg3 17. hxg3 Ne5 18. Bb1 b5 19. b3 Qd7 20. Qc2 Rac8 21. f4 Ng6
22. Qc3 Ne7 23. Qd3 Ng6 24. Qc3 Ne7 25. Qd3 Ng6 26. Qc3 Ne7 1/2-1/2

[Event "PRO League KO Stage 2018"]
[Site "chess.com INT"]
[Date "2018.03.13"]
[Round "1"]
[White "Tang, Andrew"]
[Black "Cervantes Landeiro, Thalia"]
[Result "1-0"]
[WhiteTitle "IM"]
[BlackTitle "WFM"]
[WhiteElo "2509"]
[BlackElo "2154"]
[WhiteTeam "Minnesota Blizzard"]
[BlackTeam "Webster Windmills"]
[WhiteFideId "2059630"]
[BlackFideId "3520498"]
[EventDate "2018.03.13"]

1. d4 Nf6 2. Bf4 g6 3. e3 Bg7 4. Nf3 d5 5. Be2 O-O 6. O-O c5 7. c3 b6 8. Nbd2
Bb7 9. a4 Nc6 10. a5 Nxa5 11. b4 cxb4 12. cxb4 Nc6 13. b5 Na5 14. Rc1 Rc8 15.
Qa4 Qd7 16. Nb3 Rxc1 17. Rxc1 Rc8 18. Rxc8+ Qxc8 19. Nxa5 bxa5 20. Qxa5 Qa8 21.
Qc7 Bf8 22. Ne5 Ne8 23. Qa5 Nd6 24. Nd7 Nc4 25. Qc7 Qc8 26. Nc5 e5 27. Bxe5 Nxe5
28. Qxb7 Qxb7 29. Nxb7 Nd7 30. Nd8 Nb6 31. Nc6 Nc8 32. Bf3 Bd6 33. g3 Bc7 34.
Bxd5 Bb6 35. Bc4 Nd6 36. Bd3 Kf8 37. e4 Ke8 38. e5 Nc8 39. d5 Kd7 40. Kf1 Ne7
41. Bc4 Nf5 42. d6 Nh6 43. f4 Ke8 44. e6 fxe6 45. Bxe6 Nf7 46. d7+ Kf8 47. Bxf7 1-0

[Event "PRO League KO Stage 2018"]
[Site "chess.com INT"]
[Date "2018.03.13"]
[Round "1"]
[White "Sebenik, Matej"]
[Black "Orndahl, Markus"]
[Result "1/2-1/2"]
[WhiteTitle "GM"]
[WhiteElo "2562"]
[BlackElo "2186"]
[WhiteTeam "Ljubljana Turtles"]
[BlackTeam "Stockholm Snowballs"]
[WhiteFideId "14602296"]
[BlackFideId "1709135"]
[EventDate "2018.03.13"]

1. Nf3 Nf6 2. c4 c6 3. g3 d5 4. Bg2 g6 5. b3 Bg7 6. Bb2 O-O 7. O-O a5 8. d4 Na6
9. cxd5 cxd5 10. Nc3 Bf5 11. Ne5 Rc8 12. Rc1 Nb4 13. h3 h5 14. f4 Qd6 15. e3 Qe6
16. Kh2 Rfd8 17. Qe2 Qa6 18. Qxa6 bxa6 19. Rfd1 Ne4 20. a3 Nxc3 21. Rxc3 Rxc3
22. Bxc3 Rc8 23. Bd2 Na2 24. Bxa5 Bc2 25. Rd2 Bxb3 26. Rb2 Nc1 27. Bd2 Ba4 28.
Bxc1 Rxc1 29. Rb8+ Bf8 30. Bxd5 e6 31. Bb3 Bxb3 32. Rxb3 Rc2+ 33. Kg1 Kg7 34.
Nd7 Be7 35. a4 Rc1+ 36. Kf2 Ra1 37. Nc5 Bxc5 38. dxc5 Rxa4 39. Rc3 Ra2+ 40. Kf3
Rb2 41. c6 Rb8 42. Ke4 Kf6 43. Kd4 Ke7 44. Kc5 Rb5+ 45. Kc4 Kd6 46. Kd4 Rd5+ 47.
Ke4 f5+ 48. Kf3 Kc7 49. g4 hxg4+ 50. hxg4 Rd6 51. g5 Rxc6 52. Rb3 Rb6 53. Rc3+
Rc6 54. Rb3 a5 55. Ra3 Ra6 56. Ke2 Kc6 57. Kd3 Kb5 58. Kc3 Rc6+ 59. Kd4 Kb4 60.
Ra1 a4 61. Ke5 Kb3 62. Kf6 a3 63. Kxg6 Kb2 64. Rd1 Rc3 65. Kf7 Rxe3 66. g6 Rg3
67. g7 a2 68. g8=Q Rxg8 69. Kxg8 a1=Q 70. Rxa1 Kxa1 71. Kf7 e5 72. fxe5 f4 73.
e6 f3 74. e7 f2 75. e8=Q f1=Q+ 76. Ke7 Qf2 77. Qa4+ Qa2 78. Qxa2+ Kxa2 1/2-1/2

[Event "PRO League KO Stage 2018"]
[Site "chess.com INT"]
[Date "2018.03.13"]
[Round "1"]
[White "Sebenik, Matej"]
[Black "Agrest, Evgenij"]
[Result "1/2-1/2"]
[WhiteTitle "GM"]
[BlackTitle "GM"]
[WhiteElo "2562"]
[BlackElo "2581"]
[WhiteTeam "Ljubljana Turtles"]
[BlackTeam "Stockholm Snowballs"]
[WhiteFideId "14602296"]
[BlackFideId "1705024"]
[EventDate "2018.03.13"]

1. d4 d5 2. c4 c6 3. Nc3 Nf6 4. e3 e6 5. Nf3 a6 6. Bd3 dxc4 7. Bxc4 b5 8. Be2 c5
9. O-O Bb7 10. dxc5 Bxc5 11. Qxd8+ Kxd8 12. Nd2 Nbd7 13. Nb3 Bb4 14. Bd2 Nc5 15.
Nd4 Ke7 16. a3 Bxc3 17. Bxc3 Nd5 18. Ba5 Rhc8 19. Bf3 Nd3 20. Rab1 Ne5 21. Bxd5
Bxd5 22. b3 f5 23. Rfd1 g6 24. f3 Kf7 25. Rbc1 Nd7 26. e4 fxe4 27. fxe4 Bxe4 28.
Rf1+ Nf6 29. Rce1 Bf5 30. Nf3 Kg8 31. Nd4 Re8 32. h3 h5 33. Re3 Nd5 34. Re5 Rac8
35. Rfe1 Nf4 36. R5e3 Nd5 37. Re5 Kf7 38. Rf1 Kg7 39. Rfe1 Nf4 40. R5e3 Kf7 41.
Rf3 g5 42. h4 Bg4 43. Rfe3 Nd5 44. Re5 gxh4 45. Rf1+ Kg6 46. Nf3 Bxf3 47. Rxf3
Nf6 48. Rfe3 Rc1+ 49. Re1 Rxe1+ 50. Rxe1 Ng4 51. Bb6 e5 52. Rc1 Kf5 53. Kf1 Re6
54. Ba7 Kg6 55. Ke2 Nf6 56. Rc7 Nd5 57. Rd7 Nf4+ 58. Kf3 Rc6 59. Bb8 Rc3+ 60.
Ke4 Rxb3 61. Bxe5 Ne6 62. Rd6 Kf7 63. Rd7+ Ke8 64. Rd6 Kf7 65. Rd7+ Ke8 66. Rd6
Kf7 67. Rd7+ Ke8 68. Rd6 1/2-1/2

[Event "PRO League KO Stage 2018"]
[Site "chess.com INT"]
[Date "2018.03.13"]
[Round "1"]
[White "Liang, Awonder"]
[Black "Chen, Forest"]
[Result "1-0"]
[WhiteTitle "GM"]
[WhiteElo "2570"]
[BlackElo "2107"]
[WhiteTeam "Pittsburgh Pawngrabbers"]
[BlackTeam "Saint Louis Arch Bishops"]
[WhiteFideId "2056437"]
[BlackFideId "30908205"]
[EventDate "2018.03.13"]

1. e4 c6 2. Nf3 d5 3. Nc3 Nf6 4. e5 Ne4 5. h3 e6 6. Qe2 Nxc3 7. dxc3 Nd7 8. g3
b5 9. Bg2 Be7 10. O-O a5 11. Re1 Ba6 12. Nd4 Qc7 13. Qg4 g6 14. Bh6 b4 15. Rad1
Nf8 16. Qf4 Rg8 17. Nf3 bxc3 18. bxc3 Bc4 19. a4 Nd7 20. Ng5 Bxg5 21. Bxg5 Nc5
22. Ra1 f5 23. exf6 Qxf4 24. Bxf4 Kf7 25. Rab1 Rgd8 26. Be3 Nd7 27. Rb7 Kxf6 28.
h4 Ke7 29. Bg5+ Kd6 30. Bxd8 Rxd8 31. Bh3 Nc5 32. Rxh7 Rf8 33. Rh6 Ne4 34. Rxg6
Nxf2 35. Rexe6+ 1-0

[Event "PRO League KO Stage 2018"]
[Site "chess.com INT"]
[Date "2018.03.13"]
[Round "1"]
[White "Liang, Awonder"]
[Black "Fedoseev, Vladimir3"]
[Result "1/2-1/2"]
[WhiteTitle "GM"]
[BlackTitle "GM"]
[WhiteElo "2570"]
[BlackElo "2724"]
[WhiteTeam "Pittsburgh Pawngrabbers"]
[BlackTeam "Saint Louis Arch Bishops"]
[WhiteFideId "2056437"]
[BlackFideId "24130737"]
[EventDate "2018.03.13"]

1. e4 e5 2. Nf3 Nf6 3. Nxe5 d6 4. Nf3 Nxe4 5. Nc3 Nxc3 6. dxc3 Be7 7. Be3 Nc6 8.
Qd2 Bf6 9. O-O-O O-O 10. h4 Rb8 11. Kb1 b5 12. Nd4 Nxd4 13. Bxd4 a5 14. h5 h6
15. Rg1 Bg4 16. Be2 Bxe2 17. Qxe2 b4 18. Qf3 bxc3 19. Qxc3 Bxd4 20. Rxd4 Qf6 21.
f3 Rb5 22. Rc4 Qxc3 23. Rxc3 Rfb8 24. b3 R8b7 25. g4 Re5 26. Rd1 Kf8 27. Rd4 Ke7
28. Kb2 c5 29. Ra4 Ra7 30. Rcc4 Kd7 31. Re4 Rxe4 32. Rxe4 f6 33. a3 d5 34. Ra4
Kc6 35. b4 cxb4 36. axb4 Rb7 37. Kc3 axb4+ 38. Rxb4 Ra7 39. Kd3 Kc5 40. Rb3 d4
41. c3 dxc3 42. Rxc3+ Kd5 43. Ke3 Ke6 1/2-1/2

[Event "PRO League KO Stage 2018"]
[Site "chess.com INT"]
[Date "2018.03.13"]
[Round "1"]
[White "Shimanov, Aleksandr"]
[Black "Tang, Andrew"]
[Result "1/2-1/2"]
[WhiteTitle "GM"]
[BlackTitle "IM"]
[WhiteElo "2641"]
[BlackElo "2509"]
[WhiteTeam "Webster Windmills"]
[BlackTeam "Minnesota Blizzard"]
[WhiteFideId "4198603"]
[BlackFideId "2059630"]
[EventDate "2018.03.13"]

1. g3 d5 2. Bg2 Nf6 3. Nf3 e6 4. c4 Be7 5. O-O O-O 6. b3 c5 7. cxd5 Nxd5 8. Bb2
Nc6 9. d4 b6 10. dxc5 Bxc5 11. Nc3 Nxc3 12. Bxc3 Bb7 13. Ne5 Qc7 14. Qd7 Rac8
15. Rfd1 Nxe5 16. Qxc7 Nf3+ 17. Bxf3 Rxc7 18. Be5 Re7 19. Bxb7 Rxb7 20. Rac1 f6
21. Bd6 Bxd6 22. Rxd6 Kf7 23. f4 Re8 24. Kf2 Ree7 25. Ke3 Red7 26. Rdc6 Ke7 27.
g4 Rd5 28. Rc7+ Rxc7 29. Rxc7+ Rd7 30. Rc8 Kd6 31. h4 Rc7 32. Rg8 e5 33. f5 h6
34. Kd3 Kc5 35. a3 Rd7+ 36. Ke3 a5 37. Rc8+ Kb5 38. Rc4 Ka6 39. a4 Kb7 40. g5
hxg5 41. hxg5 Rd1 42. Rh4 Kc6 43. gxf6 gxf6 44. Rh6 Rd6 45. Rh4 Kd5 46. Rh8 Kc5
47. Re8 Rc6 48. Kd3 Rd6+ 49. Kc3 Kd5 50. Kd3 Kc5+ 51. Ke3 Kd5 52. Rc8 Rd7 53.
Rb8 Kc5 54. Rf8 Rd6 55. Re8 Kd5 56. Rc8 Rd7 57. Rc1 Rd6 58. Rc2 Rc6 59. Rd2+ Kc5
60. Rc2+ Kd6 61. Rd2+ Ke7 62. Rd3 Rc1 63. Ke4 Rh1 64. Kd5 Rc1 65. Ke4 Rc2 66. e3
Rc5 67. Kf3 Rc8 68. Ke4 Rh8 69. Rc3 Kd6 70. Rd3+ Ke7 71. Rc3 Kd7 72. Rd3+ Kc6
73. Rc3+ Kd6 74. Rd3+ Kc6 75. Rc3+ Kd6 76. Rd3+ Kc6 77. Rc3+ Kd6 78. Rd3+ Kc6
79. Rc3+ 1/2-1/2